Cyclopaedia engllish literature 2V (Record no. 62660)

MARC details
000 -LEADER
fixed length control field 00364nam a2200145Ia 4500
008 - FIXED-LENGTH DATA ELEMENTS--GENERAL INFORMATION
fixed length control field 230917s9999||||xx |||||||||||||| ||und||
040 ## - CATALOGING SOURCE
-- 150486
Original cataloging agency VIVEKANANDA LIBRARY
041 ## - Language
-- English
082 ## - DDC NUMBER
Classification number 820.3 C355C
100 ## - MAIN ENTRY--PERSONAL NAME
Personal name Chambers, Robert
245 #0 - TITLE STATEMENT
Title Cyclopaedia engllish literature 2V
260 ## - PUBLICATION, DISTRIBUTION, ETC. (IMPRINT)
Place of publication, distribution, etc Meerut
Name of publisher, distributor, etc Shalabh Publishing
Date of publication, distribution, etc 1989
300 ## - PHYSICAL DESCRIPTION
Pages 816 p.
942 ## - ADDED ENTRY ELEMENTS (KOHA)
Koha item type Books
Holdings
Withdrawn status Lost status Damaged status Not for loan Location (home branch) Sublocation or collection (holding branch) Date acquired Koha issues (times borrowed) Koha full call number Accession No. Koha date last seen Koha item type
        VIVEKANANDA LIBRARY VIVEKANANDA LIBRARY 01/04/2010   820.3 C355C 134404 17/09/2023 Books
        VIVEKANANDA LIBRARY VIVEKANANDA LIBRARY 01/04/2010   820.3 C355C 134405 17/09/2023 Books
© Designed and Maintained by Vivekananda Library, MDU Rohtak